000 00521nam a2200181Ia 4500
008 090124s9999 xx 000 0 und d
082 _b116403
100 _aकुलकर्णी गोपाळ दत्त
245 _a विराट
250 _a1
260 _c1974
300 _a81
600 _aकुलकर्णी गोपाळ दत्त
630 _a विराट
700 _aकुलकर्णी गोपाळ दत्त
730 _a विराट
942 _cBOOK
999 _c162494
_d162494